LEADER 01388nam a2200277 4500 001 000000357083 003 CaOOAMICUS 005 20240405102637.0 008 240207s1973 fr 000 u fre r 040 $aSeMil$bita 100 1 $aDefois, Gérard <1931->.$0(OLS)http://semarc/name/9784 245 13$aLe pouvoir dans l'église :$banalyse institutionnelle, historique et théologique de la pratique contemporaine /$cGérard Defois, Claude Langlois, Henri Holstein. 264 1$aParis :$bInstitut Catholique de Paris,$c1973. 300 $a166 p. ;$c20 cm 490 1 $aLa foi en acte 650 4$aAutorità - Teologia.$0(OLS)http://semarc/subject/49492 650 4$aPotere - Teologia cristiana.$0(OLS)http://semarc/subject/48110 700 1 $aLanglois, Claude.$0(OLS)http://semarc/name/66625 700 1 $aHolstein, Henri,$c.$0(OLS)http://semarc/name/90487 830 3$aLa foi en acte.$0(OLS)http://semarc/title/447325 850 $aSeMil 852 $aSeMil$W1$xVenegono$y1$m2B I 67$j247432$B248265$CSeMilBibl$Z2$F248265 $81 961 $aCitrini don Tullio - Omaggio 996 $6245$aLe pouvoir dans l'église :$banalyse institutionnelle, historique et théologique de la pratique contemporaine$9(OLS)http://semarc/title/447323 996 $6264$aParis :$bInstitut Catholique de Paris$9(OLS)http://semarc/publisher/29748 LEADER 01438nam a2200193 i 4500 001 000000232229 003 CaOOAMICUS 005 20140821000000.0 008 140821s1699 it u000 u ita u 013 $a211132 026 $ae-u- uio- a-s. Omce (3) 1699 (R) 040 $aSeMil$bita 245 10$aApparatus chronologicus et geographicus, ad Commentarium in harmoniam siv e concordiam quatuor evangelistarum. Praemittitur totius operis praefatio cujus prima pars demonstrat veritatem Evangelii; altera quid sit Evangelium, à quibus, quâ linguâ, .. 300 $a[2], LXIV, 326, [30] p., 3 carte di tav. ripieg. :$bill. 500 $aSegn. : pigreco1 a-h4 A-2X4 2Y2. 773 0 $aLamy, Bernard <1640-1715>$tCommentarius in harmoniam siue Concordiam quatuor evangelistarum. Tomo altero continetur ad huncce commentarium Apparatus chronologicus & geographicus; cum praefatione in qua demonstratur veritas Evangelii. Auctore Bernardo Lamy,.$dParisiis : Excudebat Joannes Anisson, typographiae regiae praefectus, 1699.$g2$w()30378 850 $aSeMil 852 $aSeMil$W1$xVenegono$y1$m2Y IV 12 FA$j182575$B182575$CSeMilBibl$Z2$F193597 $8I 996 $6245$aApparatus chronologicus et geographicus, ad Commentarium in harmoniam siv e concordiam quatuor evangelistarum. Praemittitur totius operis praefatio cujus prima pars demonstrat veritatem Evangelii; altera quid sit Evangelium, à quibus, quâ linguâ, ..$9(OLS)http://semarc/title/331388